Historia colonial del Paraguay y Río de la Plata

Uloženo v:
Podrobná bibliografie
Hlavní autor: Báez, Cecilio (Autor)
Médium: Kniha
Jazyk:španělština
Vydáno: Asunción Zamphirópolos 1926
Témata:
Tagy: Přidat tag
Žádné tagy, Buďte první, kdo vytvoří štítek k tomuto záznamu!

MARC

LEADER 00000nam a2200000 a 4500
001 UCO3812
003 CL-VaPUC
008 000720e19260000PY |||||||||||||||||spa|d
082 0 4 |a 989.203  |b BAE  |2 21 
100 0 |a Báez, Cecilio  |e author  |9 447763 
245 1 0 |a Historia colonial del Paraguay y Río de la Plata 
300 |a 193 p 
942 |c BK 
945 |d 20000720 00:00:00  |a crobeson 
260 |a Asunción  |b Zamphirópolos  |c 1926 
650 7 |a HISTORIA DE PARAGUAY  |2 CL-VaPUC  |9 447764 
650 7 |a COLONIA  |2 CL-VaPUC  |9 447765 
651 0 |a Paraguay  |9 255336 
651 0 |a Río de La Plata  |9 357809 
583 |a last modification  |c 20000720 00:00:00  |k Rodrigo Vera 
999 |c 289943  |d 289941 
952 |0 0  |1 0  |4 0  |6 989_203000000000000_BAE_1926  |7 0  |8 X  |9 338928  |a BIBHIS  |b BIBHIS  |d 2019-11-20  |i 1201522  |o 989.203 BAE 1926  |p 1201522  |r 2024-01-30  |w 2019-11-20  |y BK_X  |k HIS